000 00419nam a22001457a 4500
999 _c2298
_d2298
008 200220b ||||| |||| 00| 0 eng d
082 0 0 _a621.433
_bW461
100 _91875
_aWelsh, R. J.
245 1 0 _aGas turbines for industrial power: an introduction for the perspective user
_cR J Welsh
260 _aLondon
_bTechnical Press Ltd.
_c1950
300 _avi,50p.
365 _d6.020
650 0 _aGas Turbines
942 _cBK